Statistieken voor Amerikaanse Staten op een Lege Kaart

Klik hier om de quiz te nemen!

Algemene statistieken

  • Deze quiz is 3.816 keer genomen
  • De gemiddelde score is 38 van 50

Antwoorden op de kaart

Antwoorden kleurgecodeerd door een groen-rode schaal op de quizkaart volgens % correct hieronder.
Laden...
 

Antwoordstatistieken

State% Correct
Texas
96%
New York
95%
Washington
92%
Florida
91%
Californië
90%
Alabama
86%
Nevada
84%
New Mexico
84%
North Dakota
84%
South Dakota
84%
Alaska
83%
Mississippi
82%
Arizona
80%
Hawaï
80%
North Carolina
79%
South Carolina
79%
Ohio
78%
Utah
77%
Arkansas
76%
Georgia
76%
Virginia
76%
Colorado
75%
Kentucky
75%
Kansas
74%
Oregon
74%
West Virginia
74%
Idaho
73%
Michigan
73%
New Jersey
73%
Maine
72%
Tennessee
72%
Wyoming
72%
Montana
71%
Illinois
70%
Indiana
70%
Louisiana
69%
Nebraska
68%
Oklahoma
68%
Pennsylvania
68%
Wisconsin
67%
Iowa
66%
Missouri
66%
Rhode Island
66%
Vermont
66%
Delaware
65%
New Hampshire
65%
Maryland
64%
Connecticut
62%
Minnesota
62%
Massachusetts
61%

Scoreverdeling

Percentiel versus Aantal Correcte Antwoorden

Procent van Mensen met Elke Score

Uw Scoregeschiedenis

U heeft deze quiz nog niet genomen